E-development toward the knowledge economy : (E-BOOK) (Record no. 213301)
[ view plain ]
| 000 -LEADER | |
|---|---|
| fixed length control field | 01195 a2200241 4500 |
| 003 - CONTROL NUMBER IDENTIFIER | |
| control field | Nust |
| 005 - DATE AND TIME OF LATEST TRANSACTION | |
| control field | 20170207165831.0 |
| 010 ## - LIBRARY OF CONGRESS CONTROL NUMBER | |
| LC control number | 2005050962 |
| 020 ## - INTERNATIONAL STANDARD BOOK NUMBER | |
| International Standard Book Number | 1-4039-4244-7 (inb.) |
| 040 ## - CATALOGING SOURCE | |
| Transcribing agency | Nust |
| 082 00 - DEWEY DECIMAL CLASSIFICATION NUMBER | |
| Classification number | 658.4038 |
| 100 1# - MAIN ENTRY--PERSONAL NAME | |
| Personal name | Carayannis, Elias G. |
| 245 10 - TITLE STATEMENT | |
| Title | E-development toward the knowledge economy : (E-BOOK) |
| Remainder of title | leveraging technology, innovation and entrepreneurship for "smart" development / |
| Statement of responsibility, etc. | Elias G. Carayannis and Caroline M. Sipp |
| 260 ## - PUBLICATION, DISTRIBUTION, ETC. | |
| Place of publication, distribution, etc. | Basingstoke : |
| Name of publisher, distributor, etc. | Palgrave Macmillan, |
| Date of publication, distribution, etc. | 2006 |
| 300 ## - PHYSICAL DESCRIPTION | |
| Extent | xi, 255 s. : |
| Other physical details | diagr., tab. ; |
| Dimensions | 23 cm. |
| 505 ## - FORMATTED CONTENTS NOTE | |
| Formatted contents note | Part I ICT and e-Development Policies in the Knowledge Economy (Page-1) Part II e-Development Policies and Strategies toward the Knowledge Economy (Page-23) Part III e-Development Case Studies (Page-61) Part IV From e-Development toward the Knowledge Economy: Analysis of Evidence from the Case Studies (Page-183) Part V Recommendations and Conclusions (Page-215) |
| 650 #0 - SUBJECT ADDED ENTRY--TOPICAL TERM | |
| Topical term or geographic name entry element | Economic development. |
| 650 #0 - SUBJECT ADDED ENTRY--TOPICAL TERM | |
| Topical term or geographic name entry element | Information technology |
| General subdivision | Economic aspects. |
| 650 #0 - SUBJECT ADDED ENTRY--TOPICAL TERM | |
| Topical term or geographic name entry element | Knowledge management. |
| 650 #0 - SUBJECT ADDED ENTRY--TOPICAL TERM | |
| Topical term or geographic name entry element | Technological innovations |
| General subdivision | Economic aspects. |
| 651 ## - SUBJECT ADDED ENTRY--GEOGRAPHIC NAME | |
| Geographic name | E-Book |
| 700 1# - ADDED ENTRY--PERSONAL NAME | |
| Personal name | Sipp, Caroline M., |
| Dates associated with a name | 1978- |
| 942 ## - ADDED ENTRY ELEMENTS (KOHA) | |
| Source of classification or shelving scheme | |
| Koha item type | Book |
| Withdrawn status | Lost status | Source of classification or shelving scheme | Damaged status | Not for loan | Collection code | Permanent Location | Current Location | Date acquired | Total Checkouts | Full call number | Barcode | Date last seen | Price effective from | Koha item type |
|---|---|---|---|---|---|---|---|---|---|---|---|---|---|---|
| Military College of Signals (MCS) | Military College of Signals (MCS) | 12/12/2016 | 658.4038 ELI | MCSEB-3292 | 12/08/2016 | 12/12/2016 | Book |
